Faith community nursing / (Record no. 84032)

MARC details
000 -LEADER
fixed length control field 02323nam a22002537a 4500
003 - CONTROL NUMBER IDENTIFIER
control field URS
005 - DATE AND TIME OF LATEST TRANSACTION
control field 20250818170850.0
008 - FIXED-LENGTH DATA ELEMENTS--GENERAL INFORMATION
fixed length control field 250818b |||||||| |||| 00| 0 eng d
020 ## - INTERNATIONAL STANDARD BOOK NUMBER
International Standard Book Number 978-1-83947-458-3
040 ## - CATALOGING SOURCE
Language of cataloging English
Transcribing agency URS
Description conventions rda
050 ## - LIBRARY OF CONGRESS CALL NUMBER
Classification number RT89
Item number .M381 2024
100 ## - MAIN ENTRY--PERSONAL NAME
Personal name Mason, Brandon,
Relator term author.
9 (RLIN) 6333
245 #0 - TITLE STATEMENT
Title Faith community nursing /
Statement of responsibility, etc Brandon Mason.
250 ## - EDITION STATEMENT
Edition statement 8th edition
264 ## - PUBLICATION, DISTRIBUTION, ETC. (IMPRINT)
Place of publication, distribution, etc United Kingdom :
Name of publisher, distributor, etc ED-Tech Press,
Date of publication, distribution, etc ©2024.
300 ## - PHYSICAL DESCRIPTION
Extent vii, 247 pages :
Other physical details color illustrations, color maps ;
Dimensions 24 cm.
336 ## - CONTENT TYPE
Content type term text
Content type code txt
Source rdacontent
337 ## - MEDIA TYPE
Media type term unmediated
Media type code n
Source rdamedia
338 ## - CARRIER TYPE
Carrier type term volume
Carrier type code nc
Source rdacarrier
504 ## - BIBLIOGRAPHY, ETC. NOTE
Bibliography, etc Includes bibliographical references and index.
505 ## - FORMATTED CONTENTS NOTE
Formatted contents note The Journey Begins: Introduction to Community Health Nursing -- History & Evolution of Community Health Nursing -- Setting the Stage for Community Health Nursing -- Evidence-Based Practice and Ethics in Community Health Nursing -- Transcultural Nursing in the Community -- Structure & Economics of Community Health Services -- Epidemiology in Community Health Care -- Communicable Disease Control -- Environmental Health and Safety -- Communication, Collaboration, and Contracting -- Health Promotion: Achieving Change Through Education -- Planning and Developing Community Programs and Services -- Policy Making and Community Health Advocacy -- Theoretical Basis for Community Health Nursing -- Community as Client: Applying the Nursing Process -- Global Health & International Community Health Nursing -- Being Prepared: Disasters and Terrorism -- Theoretical Basis for Promoting Family Health -- Working with Families: Applying the Nursing Process -- Violence Affecting Families -- Maternal-Child Health: Working with Perinatal, Infant, Toddler, and Preschool Clients -- School-Aged Children and Adolescents -- Adult Women and Men -- Older Adults: Aging in Place -- Working with Vulnerable People -- Clients with Disabilities and Chronic Illness (+ injury prevention) -- Behavioral Health in the Community -- Working With the Homeless -- Issues with Rural, Migrant, and Urban Health Care -- Public Settings for Community Health Nursing -- Private Settings for Community Health Nursing -- Clients Receiving Home Health and Hospice Care.
650 #0 - SUBJECT ADDED ENTRY--TOPICAL TERM
Topical term or geographic name as entry element Nursing
General subdivision religious.
9 (RLIN) 6334
942 ## - ADDED ENTRY ELEMENTS (KOHA)
Koha item type Reserved Books
Source of classification or shelving scheme Library of Congress Classification
Holdings
Withdrawn status Lost status Source of classification or shelving scheme Damaged status Not for loan Collection code Home library Current library Shelving location Date acquired Source of acquisition Total Checkouts Full call number Barcode Date last seen Copy number Cost, replacement price Koha item type
    Library of Congress Classification     Non-fiction Taytay College Library Taytay College Library Nursing Collection 08/12/2025 Purchased   RT89 .M381 2024 URSTAY-5758 08/18/2025 1 7348.00 Reserved Books

University of Rizal System
Email us at univlibservices@urs.edu.ph

Visit our Website www.urs.edu.ph/library